000 00426nam a22001455i 4500
001 168557
003 ES-MaACL
005 20230906213823.0
008 080421s1919 xxk |||| | eng d
100 1 _aMacLeod, Julius.
_9137645
245 1 4 _aThe quantitative method in biology /
_cby Julius MacLeod.
260 _aMarchester :
_bThe University Press,
_c1919.
300 _aXI, 228 p. ;
_c24 cm.
852 _aES-MaACL
_jE-1510
999 _c168557
_d168557